|
|
|
|
| LEADER |
01161cam a2200337Ia 4500 |
| 001 |
9780203467992 |
| 003 |
FlBoTFG |
| 005 |
20110119191319.0 |
| 006 |
a|||||s||||||||||| |
| 007 |
cr|||| |
| 008 |
110119s2002 enka sb 001 0 eng d |
| 010 |
|
|
|a 2004445816
|
| 020 |
|
|
|a 9780203467992 (e-book : PDF)
|
| 040 |
|
|
|a FlBoTFG
|c FlBoTFG
|d GrThAP
|
| 090 |
|
|
|a CC165
|b .G694 2002
|
| 092 |
|
|
|a 930.1
|b G811
|
| 100 |
1 |
|
|a Greene, Kevin.
|
| 245 |
1 |
0 |
|a Archaeology
|h [electronic resource] :
|b an introduction /
|c Kevin Greene.
|
| 250 |
|
|
|a 4th ed.
|
| 260 |
|
|
|a London ;
|a New York :
|b Routledge,
|c 2002.
|
| 300 |
|
|
|a xvii, 334 p. :
|b ill. ;
|c 26 cm.
|
| 504 |
|
|
|a Includes bibliographical references (p. [287]-323) and index.
|
| 530 |
|
|
|a Also available in print edition.
|
| 533 |
|
|
|a Electronic reproduction.
|b [London, Eng. :
|b Taylor and Francis,
|d 2010].
|n PDF file created from digital scan of print book.
|
| 650 |
|
0 |
|a Archaeology.
|
| 655 |
|
7 |
|a Electronic books.
|2 lcsh
|
| 776 |
1 |
|
|z 9780415233545
|
| 776 |
1 |
|
|z 9780415233552
|
| 776 |
1 |
|
|z 0415233542
|
| 776 |
1 |
|
|z 0415233550
|
| 856 |
4 |
0 |
|u http://www.tandfebooks.com/isbn/9780203467992
|z Full Text via HEAL-Link
|